Countries With Largest Population Growth to 2050 - Statistics

General Stats
  • This quiz has been taken 1,017 times
  • The average score is 16 of 20
Answer Stats
Pop. Growth Country % Correct
394.3 mil India
98%
52.3 mil Niger
94%
216.3 mil Nigeria
93%
67.1 mil United States
89%
120.7 mil Pakistan
88%
118.0 mil DR of the Congo
87%
64.7 mil Indonesia
87%
59.6 mil Egypt
84%
41.2 mil Bangladesh
83%
89.1 mil Ethiopia
83%
36.7 mil Mexico
82%
49.5 mil Kenya
81%
83.7 mil Tanzania
80%
40.0 mil Sudan
78%
62.8 mil Uganda
72%
47.6 mil Philippines
69%
40.5 mil Angola
67%
47.2 mil Iraq
64%
37.6 mil Mozambique
61%
31.1 mil Madagascar
36%
No matching quizzes found
Score Distribution
Percent of People with Each Score
Percentile by Number Answered
Your Score History
You have not taken this quiz